000 00797cab a2200265 4500
001 ABS56838
008 090401t1997 xxu||||| |||| 00| 0 eng d
035 _a(Sirsi) u77945
041 _aeng
100 _aTotman, T.
245 _aOiling the wheels of DBFO projects
260 _c1997
350 _a0
490 _aProperty Week
_v59(2) 11 April 1997, 22(1)
520 _aConsiders the benefits of introducing PFI into local government. Outlines the criteria which must be met for all qualifying DBFO contracts.
650 _aCONTRACT STRUCTURE TEST
650 _aDBFO
650 _aLOCAL AUTHORITIES
650 _aPFI
650 _aPRIVATE FINANCE INITIATIVE
690 _aPROPERTY-PROPERTY FINANCE AND INVESTMENT
700 _aClark, S.
942 _n0
948 _c25/04/1997
999 _c49017
_d49017